La grande mummia : romanzo /

Enregistré dans:
Détails bibliographiques
Auteur principal: Ronsisvalle, Vanni (Auteur)
Format: Livre
Langue:italien
Publié: Milano : Rusconi, 1980
Collection:Gli umorlibri ; 24
Tags: Ajouter un tag
Pas de tags, Soyez le premier à ajouter un tag!

MARC

LEADER 00000nam a22000007i 4500
001 IT\ICCU\RAV\0089204
003 ItRI
005 20260115232356.0
008 900206s1980 it |||||| ||||| |||||c
015 |2 IT  |a 806673 
040 |b ita  |c importazione bologna sebina 
041 7 |a ita  |2 ISO-639-2 
082 |a 853.9  |9 NARRATIVA ITALIANA, 1900-  |2 18 
100 1 |a Ronsisvalle, Vanni  |0 IT\ICCU\CFIV\015264  |4 aut 
240 1 3 |a La grande mummia  |3 IT\ICCU\RAV\2164286  |9 Ronsisvalle, Vanni 
245 1 3 |a La grande mummia :  |b romanzo /  |c Vanni Ronsisvalle. 
260 |a Milano :  |b Rusconi,  |c 1980 
300 |a 165 p. ;  |c 21 cm 
830 4 |a Gli umorlibri ;  |v 24  |0 IT\ICCU\RAV\0089205 
942 |2 ddc  |c BK  |n 0 
952 |0 0  |1 0  |4 0  |6 DOC_853_914000000000000_RON  |7 0  |9 25044  |a BO  |b BO  |d 2026-01-15  |i 1959  |l 0  |o DOC 853.914 RON  |p BO1959  |r 2026-01-15 23:23:56  |w 2026-01-15  |x [Sebina 5] [1 v.]  |y BK  |z 1 v. 
999 |c 21283  |d 21283